Practice leaflets (Record no. 88423)

MARC details
000 -LEADER
fixed length control field 00657cam a2200193 4500
001 - CONTROL NUMBER
control field D15546
008 - FIXED-LENGTH DATA ELEMENTS--GENERAL INFORMATION
fixed length control field 090401t1974 xxu||||| |||| 00| 0 eng d
035 ## - SYSTEM CONTROL NUMBER
System control number (Sirsi) u23522
041 ## - LANGUAGE CODE
Language code of text/sound track or separate title eng
050 ## - LIBRARY OF CONGRESS CALL NUMBER
Classification number 333
110 ## - MAIN ENTRY--CORPORATE NAME
Corporate name or jurisdiction name as entry element Royal Institution of Chartered Surveyors
9 (RLIN) 4900
245 ## - TITLE STATEMENT
Title Practice leaflets
260 ## - PUBLICATION, DISTRIBUTION, ETC.
Date of publication, distribution, etc. 1974
350 ## - PRICE (NR) (BK AM CF MU VM SE) [OBSOLETE]
Price 0
520 ## - SUMMARY, ETC.
Summary, etc. Filed in box RICS 1974/9. N.B. Leaflets have been separatley catalogued. Revised editions may have variant titles, and in some cases new titles have been given the same number as earlier unrelated titles
710 ## - ADDED ENTRY--CORPORATE NAME
Corporate name or jurisdiction name as entry element Land Agency and Agriculture Division
9 (RLIN) 773
942 ## - ADDED ENTRY ELEMENTS (KOHA)
Suppress in OPAC 0
948 ## - LOCAL PROCESSING INFORMATION (OCLC); SERIES PART DESIGNATOR (RLIN)
c (OCLC) 04/03/1997
Holdings
Withdrawn status Lost status Source of classification or shelving scheme Damaged status Not for loan Home library Current library Shelving location Date acquired Total Checkouts Full call number Barcode Date last seen Date last checked out Copy number Price effective from Koha item type
    Other/Generic Classification Scheme     London London RICS Boxes 14/08/1991 5 RICS 1974/9 30009552 06/08/2019 02/09/2009 1 06/08/2019 Book
    Other/Generic Classification Scheme     London London RICS Boxes 14/09/1999   RICS 1974/9 30009556 06/08/2019   2 06/08/2019 Reference material
    Other/Generic Classification Scheme     London London RICS Boxes 22/08/1991   RICS 1974/9 30028084 06/08/2019   3 06/08/2019 Reference material